Manual de la organización del gobierno de Chile 1960

Kaydedildi:
Detaylı Bibliyografya
Müşterek Yazar: Ministerio de Hacienda (Yazar)
Materyal Türü: Kitap
Dil:İspanyolca
Baskı/Yayın Bilgisi: Santiago Ministerio de Hacienda 1960
Konular:
Etiketler: Etiketle
Etiket eklenmemiş, İlk siz ekleyin!

MARC

LEADER 00000nam a2200000 a 4500
001 UCW4505
003 CL-VaPUC
008 900427e19600000CL |||||||||||||||||spa|d
082 0 4 |a 320.4  |b MIN  |2 21 
110 2 |a Ministerio de Hacienda  |e author  |9 309275 
245 1 0 |a Manual de la organización del gobierno de Chile 1960 
300 |a 567 p 
942 |c BK 
945 |d 19900427 00:00:00 
260 |a Santiago  |b Ministerio de Hacienda  |c 1960 
650 0 |a Administración pública   |9 255343 
650 0 |a Hacienda pública  |9 258673 
650 0 |a Política gubernamental  |9 262286 
651 7 |a CHILE  |2 CL-VaPUC  |9 309276 
583 |a last modification  |c 19900427 00:00:00  |k Rodrigo Vera 
999 |c 218228  |d 218226 
952 |0 0  |1 0  |4 0  |6 320_400000000000000_MIN_1960  |7 0  |8 P  |9 207360  |a BIBEDU  |b BIBEDU  |c BIBEDU_PB  |d 2019-11-15  |i 2751348  |o 320.4 MIN 1960  |p 2751348  |r 2024-01-25  |w 2019-11-15  |y BK  |k EDU 
952 |0 0  |1 0  |4 0  |6 320_400000000000000_MIN_1960  |7 0  |8 A  |9 207361  |a BIBHIS  |b BIBHIS  |d 2019-11-15  |i 1339435  |o 320.4 MIN 1960  |p 1339435  |r 2025-01-20  |w 2019-11-15  |y BK  |k HIS 
952 |0 0  |1 0  |4 0  |6 320_400000000000000_MIN_1960  |7 0  |8 A  |9 207362  |a BIBDER  |b BIBDER  |d 2019-11-15  |i 4119045  |o 320.4 MIN 1960  |p 4119045  |r 2023-01-25  |w 2019-11-15  |y BK  |k DER